Every 100k+ City in the United Kingdom on a Map - Statistics

General Stats
  • This quiz has been taken 3,081 times
  • The average score is 53 of 84
Answers on the Map
Answers color-coded by a green-red scale on the quiz's map according to % correct below.
 
Answer Stats
Population City % Correct
338,160 Belfast
97%
504,020 Edinburgh
97%
629,920 Glasgow
97%
586,889 Liverpool
97%
9,047,570 London
97%
1,160,254 Birmingham
96%
354,178 Cardiff
96%
563,561 Manchester
96%
287,535 Newcastle upon Tyne
94%
511,164 Leeds
93%
577,246 Bristol
92%
198,480 Aberdeen
91%
269,750 Southampton
91%
552,143 Sheffield
88%
315,987 Nottingham
87%
239,677 Plymouth
87%
185,460 Swansea
87%
472,558 Leicester
86%
244,917 Brighton
84%
197,212 Norwich
84%
162,291 Oxford
84%
288,028 Kingston upon Hull
83%
148,861 Cambridge
82%
164,369 York
82%
149,010 Dundee
81%
248,929 Portsmouth
80%
145,821 Blackpool
77%
382,073 Coventry
77%
197,383 Bournemouth
75%
230,031 Northampton
74%
278,137 Stoke-on-Trent
73%
148,742 Ipswich
72%
366,187 Bradford
71%
125,819 Exeter
71%
220,873 Wolverhampton
71%
264,654 Derby
70%
174,807 Sunderland
70%
229,482 Reading
69%
221,502 Luton
68%
103,614 Bath
67%
177,354 Middlesbrough
67%
147,509 Gloucester
63%
136,078 Newport
63%
185,111 Southend-on-Sea
63%
106,415 Lincoln
62%
102,791 Worcester
61%
184,824 Milton Keynes
59%
120,932 Blackburn
58%
178,805 Peterborough
57%
205,411 Bolton
56%
141,651 Watford
52%
138,131 Colchester
51%
192,408 Swindon
50%
171,809 Huddersfield
49%
159,449 Poole
49%
116,834 Doncaster
47%
164,770 Slough
46%
107,732 Wigan
46%
114,809 Eastbourne
43%
122,657 Salford
43%
145,775 Birkenhead
42%
117,073 Cheltenham
42%
108,606 Oldham
42%
172,684 Warrington
41%
118,759 Chelmsford
40%
111,481 Rotherham
40%
111,694 Stockport
40%
122,249 Gateshead
39%
152,222 Telford
39%
112,198 Crawley
37%
119,905 Maidstone
37%
107,546 Wakefield
35%
108,584 Gillingham
34%
123,813 High Wycombe
34%
105,127 St Helens
34%
115,191 Worthing
34%
113,893 Rochdale
33%
114,402 Basingstoke
32%
127,898 Solihull
32%
107,854 Woking
32%
138,206 Sale
31%
117,681 Basildon
30%
107,531 Sutton Coldfield
27%
102,870 Hemel Hempstead
26%
No matching quizzes found
Score Distribution
Percent of People with Each Score
Percentile by Number Answered
Your Score History
You have not taken this quiz